|
|
|
|
| LEADER |
00000nam0a2200000 4500 |
| 001 |
96947 |
| 005 |
20231101214111.0 |
| 010 |
|
|
|a 5893499522
|
| 010 |
|
|
|a 5-89502-948-5
|
| 035 |
|
|
|a (RuTPU)RU\TPU\book\103859
|
| 090 |
|
|
|a 96947
|
| 100 |
|
|
|a 20060522d2006 m y0rusy50 ca
|
| 101 |
0 |
|
|a rus
|a eng
|
| 102 |
|
|
|a RU
|
| 105 |
|
|
|a y ej 001zy
|
| 200 |
1 |
|
|a Политика. Экономика. Право
|e русско-английский словарь
|e 40000 слов и словосочетаний
|f С. Н. Светланин
|g Российская академия образования; Московский психолого-социальный институт (МПСИ)
|
| 210 |
|
|
|a Москва
|c Флинта
|c Московский психолого-социальный институт
|d 2006
|
| 215 |
|
|
|a 383 с.
|
| 320 |
|
|
|a Список географических названий: с. 379-381.
|
| 330 |
|
|
|a Предлагаемый русско-английский словарь в области политики, экономики и права построен по оригинальному принципу и не имеет аналогов среди изданий подобного рода. Кроме отдельных терминов в нем приводятся устойчивые словосочетания, используемые при подготовке важных правительственных и законодательных документов, материалов дипломатического характера, печатных изданий и контрактов. Словарь может быть использован не только в переводах специальной литературы, он значительно расширит знания специалистов, работающих в области политики, экономики и права. Словарь рассчитан на российских и зарубежных филологов, журналистов, работников внешнеполитических структур, переводчиков, ученых, юристов, преподавателей и студентов вузов, а также предпринимателей.
|
| 610 |
1 |
|
|a английский язык
|
| 610 |
1 |
|
|a лексика
|
| 610 |
1 |
|
|a политика
|
| 610 |
1 |
|
|a экономика
|
| 610 |
1 |
|
|a право
|
| 610 |
1 |
|
|a словари
|
| 610 |
1 |
|
|a терминологические словари
|
| 686 |
|
|
|a Ш143.21-43
|v LBC/SL-A
|2 rubbk
|
| 686 |
|
|
|a Ф01я2
|v LBC/SL-A
|2 rubbk
|
| 686 |
|
|
|a У01я2
|v LBC/SL-A
|2 rubbk
|
| 686 |
|
|
|a Х0я2
|v LBC/SL-A
|2 rubbk
|
| 700 |
|
1 |
|a Светланин
|b С. Н.
|
| 712 |
0 |
2 |
|a Российская академия образования
|2 stltpush
|3 (RuTPU)RU\TPU\col\1542
|9 23574
|
| 712 |
0 |
2 |
|a Московский психолого-социальный институт (МПСИ)
|2 stltpush
|3 (RuTPU)RU\TPU\col\10702
|
| 801 |
|
1 |
|a RU
|b 63413507
|c 20060522
|g PSBO
|
| 801 |
|
2 |
|a RU
|b 63413507
|c 20110909
|g PSBO
|
| 900 |
|
|
|a Политология
|
| 900 |
|
|
|a Правоведение
|
| 900 |
|
|
|a Экономика
|
| 900 |
|
|
|a Английский язык
|
| 942 |
|
|
|c BK
|
| 953 |
|
|
|a 520000
|
| 959 |
|
|
|a 35/20060519
|d 1
|e 0
|f ЧЗГЛ:1
|